Framing the Economy of the Future Six Socio-Economic Trends for Sustainability, Circularity and Inclusivity

Salvato in:
Dettagli Bibliografici
Altri autori: Faber, Niels, Witjes, Sjors
Natura: Libro
Lingua:inglese
Pubblicazione: Cheltenham Edward Elgar Publishing 2024
Edizione:1st Edition
Soggetti:
Tags: Aggiungi Tag
Nessun Tag, puoi essere il primo ad aggiungerne!!

MARC

LEADER 00000nam a2200000 4500
001 0304895
005 20241104140849.8
020 |a 978-1-78990-024-8 
041 0 |a eng 
044 |a GB 
245 1 0 |a Framing the Economy of the Future  |b Six Socio-Economic Trends for Sustainability, Circularity and Inclusivity  |c Edited by: Niels Faber, Sjors Witjes 
250 |a 1st Edition 
264 1 |a Cheltenham  |b Edward Elgar Publishing  |c 2024 
300 |a 256 s. 
500 |a ProQuest e-books. 
610 2 0 |a ekonomika 
610 2 0 |a hospodárstvo obehové 
610 2 0 |a ekonomika zdieľaná 
610 2 0 |a prognózy hospodárske 
610 2 0 |a rozvoj trvalo udržateľný 
610 2 0 |a digitalizácia 
610 2 0 |a plánovanie strategické 
700 1 |a Faber, Niels 
700 1 |a Witjes, Sjors